000 00743nam a2200265 i 4500
001 C2-0326372
003 PPAK
005 20180728124241.0
008 140326s2012 my a|||| ||||| | may d
020 _a9789674031466
040 _aPPAK
_beng
_cPPAK
_erda
082 0 4 _a899.233
_223
090 0 0 _a899.233
_bAIM
_dK
100 0 _aAimi Rosli,
_eauthor
245 1 0 _aAmni cuma nak A
264 1 _aKuala Lumpur :
_bBlue-T Publication ,
_c2012
300 _a92 pages :
_billustrations ;
_c18 cm
336 _2rdacontent
_atext
337 _2rdamedia
_aunmediated
338 _2rdacarrier
_avolume
490 1 _aNovel motivasi Ana Muslim
650 1 0 _aChildren's stories, Malay.
830 0 _aNovel motivasi Ana Muslim
942 _ddc
_cB
999 _c126047
_d126047